Inovačné procesy a konkurenčná schopnosť malých a stredných podnikov v SR /

Salvato in:
Dettagli Bibliografici
Altri autori: Zajko, Marián, 1950- (Compilatore), Balog, Miroslav (Revisore), Solík, Ján (Revisore)
Natura: Libro
Lingua:slovacco
Pubblicazione: Brno : Knowler, 2014
Edizione:1. vyd.
Tags: Aggiungi Tag
Nessun Tag, puoi essere il primo ad aggiungerne!!

MARC

LEADER 00000nam a22000003a 4500
001 0002104
003 SK-STU
005 20230511101902.1
007 ta
008 150127s ----xo-----e------100-0-----d
020 |a 978-80-905988-0-5 
024 7 |2 WOS 
040 |a STU  |b slo 
041 0 |a slo 
044 |a xo 
080 |a 65 
245 1 0 |a Inovačné procesy a konkurenčná schopnosť malých a stredných podnikov v SR /  |c zost. Marián Zajko ; Miroslav Balog, Ján Solík 
246 3 1 |a Innovation processes and competitive ability of SMEs in Slovakia 
250 |a 1. vyd. 
260 |a Brno :  |b Knowler,  |c 2014 
300 |a 195 s. 
700 1 |a Zajko, Marián,  |d 1950-  |u R2020  |r Z1  |4 com  |9 100  |U Ostatné univerzitné pracoviská  |T Ústav manažmentu STU  |X 5144  |U R2020  |Y 232  |7 5144 
700 1 |a Balog, Miroslav  |r Z5  |4 rev 
700 1 |a Solík, Ján  |r Z5  |4 rev 
996 |b 284EK90280  |c E*90280  |l EE0101  |s P  |a 0  |w 0002104_0001 
996 |b 284EK90411  |c E* 90411  |l EE01  |s A  |a 24  |w 0002104_0002